01034cam a2200205 a 4500001000800000005001700008008004100025010001700066020002800083020002200111040001800133050002300151082002000174130004700194245044200241250001700683260004600700300003200746710005000778114725920230727153515.0950104s1994 cau 000 0 eng  a 95100515  a0898704901 (case bound) a089870491X (pbk.) aDLCcDLCdDLC00aBS 191 .A1S26 199400a220.5/204222200 aBible.lEnglish.sRevised Standard.f1994.14aThe Holy Bible :bRevised Standard Version, Catholic edition, translated from the original tongues, being the version set forth A.D. 1611, Old and New Testaments revised A.D. 1881-1885 and A.D. 1901 (Apocrypha revised A.D. 1894), compared with the most ancient authorities and revised A.D. 1952 (Apocrypha revised A.D. 1957) /cprepared by the Catholic Biblical Association of Great Britain ; with a foreword by Richard Cardinal Cushing. aCatholic ed. aSan Francisco :bIgnatius Press,c[1994?] axvi, 1005, 250 p. ;c22 cm.2 aCatholic Biblical Association (Great Britain)